| 000 | 01001nam a22002417a 4500 | ||
|---|---|---|---|
| 005 | 20170913020002.0 | ||
| 008 | 120206s2012 ck a gr 000 0 spa d | ||
| 015 | _ack-2010-xxxx | ||
| 020 | _a9789589936313 | ||
| 041 | 0 | _aspa | |
| 043 | _as-ck--- | ||
| 082 | 0 | 4 |
_a370.19 _bC78i |
| 245 | 0 | 0 |
_aInvestigación y educación ambiental : _bapuestas investigativas pertinentes a los campos de reflexi ón e intervención en eduación ambiental. _cEditado por Maritza Torres Carrasco |
| 250 | _aEdición Especial 2012 | ||
| 260 |
_aBogotá _bUniversidad Distrital Francisco José de Caldas _bCorantioquia _c2012 |
||
| 300 |
_a187 p. : _c28 cm. |
||
| 500 | _aEdición especial 10 años de la política nacional de educación ambiental (2002-2012 | ||
| 504 | _aIncluye referencias bibliográficas | ||
| 650 | 4 |
_aEducación ambiental _z Colombia. _xInvestigación _92098 |
|
| 650 | 4 |
_aInvestigación ambiental _z Colombia. _92099 |
|
| 700 |
_aTorres-Carrasco, Maritza _eed. _92105 |
||
| 942 |
_2ddc _cImpreso _01 |
||
| 999 |
_c7669 _d7669 |
||